Quiz Quel noms = Quel film - Statistiques

Statistiques générales
  • Ce quiz a été pris 125 fois
  • Le résultat moyen est 9 sur 20
Statistiques - réponses
GL Noms du personnage Titre du film % Correct
12 Peter Parker Spider-man
97%
9 Bruce Wayne Batman
86%
17 Driss (Omar Sy) Intouchables
83%
1 Dominic Toretto Fast And Furious
74%
11 Jonathan John Wick John Wick
74%
10 Vito Corleone Le Parrain
70%
14 Maximus Decimus Meridius Gladiator
68%
3 Jack Dawson Titanic
51%
7 Peter Quill Les Gardiens de la Galaxie
50%
13 Newt Le Labyrinthe
45%
15 M'Baku Black Panther
42%
6 Eddie Brock Venom
42%
5 Wade Wilson DeadPool
36%
8 John Hammond Jurassic Park
34%
20 Edmund Pevensie Le Monde de Narnia
23%
19 James Norrington Pirates des Caraïbes
23%
4 Owen Grady Jurassic World
20%
18 Amanda Waller Suicide Squad
14%
2 Alan Garner Very Bad Trip
5%
16 Wardaddy Fury
3%
Aucun quiz correspondant
Distribution des résultats
% des personnes avec chaque résultat
Percentile par nombre de réponses
Votre historique - résultats
Vous n’avez pas pris ce quiz